1427 1906 1719 1086 1008 1057 1672 1416 1093 1976 1648 1139 1304 1213 1507 1249 1978 1419 1433 1456 1216 1677 1265 1147 1249 1833 1925 1853 1568 1925 1068 1008 1329 1743 1935 1204 1713 1037 1973 1335 1308 1118 1140 1460 1037 1784 1559 1151 1221 1650 1092 1305 1735 1783 1528 1930 1285 1069 1018 1134 1915 1162 1711 1361 1208 1086 1866 1106 1735 1308 1006 1099 1285 1717 1698 1360 1770 1086 1837 1412 1459 1345 1892 1925 1340 1889 1470 1638 1157 1059 1206 1468 1942 1456 1001 1822 1368 1785 1620 BCNSPRNW ULIB Ver.6.0+V

เปลี่ยนเป็นภาษาไทย

Change to English
 แสดงรายละเอียดบรรณานุกรม
  กลับหน้าหลัก

Brief Record : Get Marc (ISO 2709) : E-mail record : QR code < ปิดหน้าต่าง
LEADER : 00000nam 2200000uu 4500
001    13399113405
003     ULIB
008    110627s2552||||th 000 0 tha d
020    9786165020169
090    นว.^bธ739จ 2552
100 0  ธุวดารา
245 00 เจ้าบ่าวมือสอง/^cธุวดารา
250    พิมพ์ครั้งที่ 1
260    กรุงเทพฯ :^bSugar Beat,^c2552
300    296 หน้า
710 1  Sugar Beat
945    ^p200^l0^i026752
995    ทศพร
999 ^a ใช้งานได้ทุกระบบ
รายการนี้ยังไม่มีแท็ก
คุณยังไม่ได้ล็อกอิน คุณสามารถมีกิจกรรมร่วมกับเว็บไซต์ได้ แต่ต้องล็อกอินก่อน ::
  ล็อกอิน

รายการสื่อสารสนเทศ

ลำดับที่ ประเภท เลขเรียก/บาร์โค้ด สถานที่ สถานะ
1. นวนิยาย
นวนิยาย
นว. ธ739จ 2552 ฉ.1 
  Barcode: 026752
ห้องสมุดวิทยาเขตสวรรค์ประชารักษ์
►นวนิยาย
บนชั้น
  ขอยืม

รายการใกล้เคียง
    ผู้แต่ง [ธุวดารา]

BibComment


ยังไม่เคยถูกคอมเมนท์

คอมเมนท์ทรัพยากรรายการนี้
  คอมเมนท์: เจ้าบ่าวมือสอง ธุ..


 Copyright 2026. Bcnsprnw @Library